Heaven's jewelry. (Record no. 12683)

000 -LEADER
fixed length control field 00523nam a2200181 a 4500
001 - CONTROL NUMBER
control field :::00010497$&:&@@
003 - CONTROL NUMBER IDENTIFIER
control field OkBaRHE
005 - DATE AND TIME OF LATEST TRANSACTION
control field 20000607103359.0
008 - FIXED-LENGTH DATA ELEMENTS--GENERAL INFORMATION
fixed length control field s1946 j 000 0 eng u
040 ## - CATALOGING SOURCE
Transcribing agency
100 1# - MAIN ENTRY--PERSONAL NAME
Personal name McGinlay, James.
245 10 - TITLE STATEMENT
Title Heaven's jewelry.
260 ## - PUBLICATION, DISTRIBUTION, ETC. (IMPRINT)
Place of publication, distribution, etc Grand Rapids, MI., :
Name of publisher, distributor, etc Eerdmans
Date of publication, distribution, etc c1946
300 ## - PHYSICAL DESCRIPTION
Extent 164 p. ;
Dimensions 20 cm.
650 ## - SUBJECT ADDED ENTRY--TOPICAL TERM
Topical term or geographic name as entry element Christian Life
942 ## - ADDED ENTRY ELEMENTS (KOHA)
Source of classification or shelving scheme
Koha item type Books
Copies
Damaged status Withdrawn status Not for loan Barcode Permanent Location Date last seen Koha item type Date acquired Price effective from Source of classification or shelving scheme Shelving location Full call number Lost status Copy number
   10497RHEMA Bible Training College2010-04-14Books2010-04-142010-04-14 General StacksBV 4501 .M3324 1